<?xml version="1.0" encoding="UTF-8"?>
<record
    xmlns:xsi="http://www.w3.org/2001/XMLSchema-instance"
    xsi:schemaLocation="http://www.loc.gov/MARC21/slim http://www.loc.gov/standards/marcxml/schema/MARC21slim.xsd"
    xmlns="http://www.loc.gov/MARC21/slim">

  <leader>00935nam a22002537a 4500</leader>
  <controlfield tag="005">20260202145423.0</controlfield>
  <controlfield tag="008">250109b           ||||| |||| 00| 0 eng d</controlfield>
  <datafield tag="020" ind1=" " ind2=" ">
    <subfield code="a">9788197452345</subfield>
  </datafield>
  <datafield tag="040" ind1=" " ind2=" ">
    <subfield code="c">AL</subfield>
  </datafield>
  <datafield tag="041" ind1=" " ind2=" ">
    <subfield code="a">eng</subfield>
  </datafield>
  <datafield tag="082" ind1=" " ind2=" ">
    <subfield code="2">23</subfield>
    <subfield code="a">581.6</subfield>
    <subfield code="b">SWAB</subfield>
  </datafield>
  <datafield tag="100" ind1=" " ind2=" ">
    <subfield code="a">B G L Swamy</subfield>
    <subfield code="9">253555</subfield>
  </datafield>
  <datafield tag="245" ind1=" " ind2=" ">
    <subfield code="a">Hasuru Honnu</subfield>
    <subfield code="b">: When Green is Gold</subfield>
  </datafield>
  <datafield tag="260" ind1=" " ind2=" ">
    <subfield code="a">Mangaluru</subfield>
    <subfield code="b">DVG Balaga Prathisthana</subfield>
    <subfield code="c">2024</subfield>
  </datafield>
  <datafield tag="300" ind1=" " ind2=" ">
    <subfield code="a">466p</subfield>
    <subfield code="b">PB</subfield>
    <subfield code="c">22x14cm</subfield>
  </datafield>
  <datafield tag="365" ind1=" " ind2=" ">
    <subfield code="2">Botany</subfield>
    <subfield code="a">BLCR-000062</subfield>
    <subfield code="b">480.00</subfield>
    <subfield code="c">&#x20B9;</subfield>
    <subfield code="d">600.00</subfield>
    <subfield code="e">&#x20B9;</subfield>
    <subfield code="f">07-01-2025</subfield>
  </datafield>
  <datafield tag="520" ind1=" " ind2=" ">
    <subfield code="a">Hasuru Honnu[1] ("Green Gold") is a botanical/autobiographical novel by B. G. L. Swamy. This book won him the Kendra Sahitya Academy award given by the Government of India.</subfield>
  </datafield>
  <datafield tag="650" ind1=" " ind2=" ">
    <subfield code="a">Botanical Novel</subfield>
    <subfield code="9">192859</subfield>
  </datafield>
  <datafield tag="650" ind1=" " ind2=" ">
    <subfield code="a">Botanical Fiction</subfield>
    <subfield code="9">192860</subfield>
  </datafield>
  <datafield tag="650" ind1=" " ind2=" ">
    <subfield code="a">Autobiographical Fiction</subfield>
    <subfield code="9">192861</subfield>
  </datafield>
  <datafield tag="650" ind1=" " ind2=" ">
    <subfield code="a">Translated Kannada to English</subfield>
    <subfield code="9">192862</subfield>
  </datafield>
  <datafield tag="700" ind1=" " ind2=" ">
    <subfield code="a">Natarajan, Jyothi Tr</subfield>
    <subfield code="9">192864</subfield>
  </datafield>
  <datafield tag="942" ind1=" " ind2=" ">
    <subfield code="2">ddc</subfield>
    <subfield code="c">BK</subfield>
  </datafield>
  <datafield tag="999" ind1=" " ind2=" ">
    <subfield code="c">233621</subfield>
    <subfield code="d">233621</subfield>
  </datafield>
  <datafield tag="952" ind1=" " ind2=" ">
    <subfield code="0">0</subfield>
    <subfield code="1">0</subfield>
    <subfield code="2">ddc</subfield>
    <subfield code="4">0</subfield>
    <subfield code="7">0</subfield>
    <subfield code="8">BOT</subfield>
    <subfield code="a">AL</subfield>
    <subfield code="b">AL</subfield>
    <subfield code="d">2025-01-07</subfield>
    <subfield code="e">Navakarnataka Publications Pvt. Ltd. Mangaluru-575001</subfield>
    <subfield code="g">480.00</subfield>
    <subfield code="l">0</subfield>
    <subfield code="o">581.6 SWAB</subfield>
    <subfield code="p">077502</subfield>
    <subfield code="r">2025-01-09 00:00:00</subfield>
    <subfield code="v">600.00</subfield>
    <subfield code="w">2025-01-09</subfield>
    <subfield code="y">BK</subfield>
  </datafield>
</record>
